=LDR 00000nam 2200000 4500 =001 INLIS000000000048451 =005 20161103091509.0 =006 =007 =008 =020 ##$$a 979-529-022-7 =035 ##$$0010-111600000000030 =040 ##$$a NBPDMAT =082 ##$$a 331.110 68 =090 ##$$a 331.110 68$bBas m =100 ##$$a Basir Barthos =245 ##$$a Manajemen sumber daya manusia : $b Suatu pendekatan makro $c / Drs. Basir Barthos =250 ##$$a Cet. 7 =260 ##$$a Jakarta $b Bumi Aksara $c 2004 =300 ##$$a x, 323 hlm. : $b ilus. ; $c 21 cm =650 ##$$a Tenaga Kerja - Manajemen =850 ##$$a NBPDMAT =990 ##$$a 51600152 =990 ##$$a 0001/BPAP-NTB/2016